Księżyce Układu Słonecznego - Statystyki

Ogólne statystyki
  • Ten quiz został rozwiązany 100 razy
    97 od ostatniego zresetowania
  • Średni wynik to 13 z 35
Statystyki odpowiedzi
Hint Odpowiedź % Poprawnych
Ziemia Księżyc
97%
Jowisz Europa
81%
Saturn Tytan
80%
Mars Deimos
77%
Jowisz Ganimedes
77%
Jowisz Io
77%
Mars Fobos
75%
Jowisz Kalisto
69%
Neptun Tryton
59%
Saturn Enceladus
44%
Uran Tytania
41%
Uran Ariel
38%
Saturn Mimas
36%
Saturn Rea
36%
Uran Oberon
34%
Saturn Japet
33%
Uran Umbriel
33%
Uran Miranda
31%
Saturn Dione
30%
Neptun Proteusz
25%
Saturn Tetyda
23%
Saturn Hyperion
20%
Neptun Nereida
19%
Jowisz Amaltea
17%
Saturn Janus
17%
Saturn Prometeusz
17%
Saturn Febe
16%
Uran Puk
16%
Neptun Larissa
14%
Saturn Epimeteusz
9%
Neptun Galatea
9%
Jowisz Himalia
8%
Uran Sykoraks
6%
Uran Portia
5%
Neptun Despina
3%
Nie znaleziono quizów pasujących do podanych kryteriów
Rozkład punktacji
Procent ludzi z każdym wynikiem
Percentyl według liczby udzielonych odpowiedzi
Twoja historia wyników
Nie rozwiązałeś tego quizu od ostatniego zresetowania